[Event "Africa-ch Amateurs U2000"]
[Site "Bujumbura"]
[Date "2024.07.23"]
[Round "2"]
[White "Katumba, Joshua"]
[Black "Abdulkadir, Mohamed Warsame"]
[Result "0-1"]
[WhiteElo "1825"]
[BlackElo "1951"]
[PlyCount "80"]
[EventDate "2024.07.23"]
[EventType "swiss"]
[EventRounds "9"]
[EventCountry "BRI"]
[SourceTitle "EXT 2025"]
[Source "ChessBase"]
[SourceDate "2024.10.14"]
[SourceVersion "1"]
[SourceVersionDate "2024.10.14"]
[SourceQuality "1"]

1. e4 c5 2. Nf3 e6 3. d4 cxd4 4. Nxd4 Nc6 5. Nc3 Qc7 6. Ndb5 Qb8 7. Be2 a6 8. Nd4 Qc7 9. 0-0 b5 10. a3 Nf6 11. Nxc6 dxc6 12. f4 Be7 13. e5 Nd5 14. Ne4 0-0 15. Bd3 c5 16. c4 bxc4 17. Bc2 g6 18. Qg4 f5 19. exf6 Nxf6 20. Qe2 Bd7 21. Qxc4 Nd5 22. a4 Nb6 23. Qe2 c4 24. Nc3 Rae8 25. Be4 Bf6 26. a5 Nd5 27. Nxd5 exd5 28. Bxd5+ Kg7 29. Qf3 Qc5+ 30. Kh1 Bf5 31. Ra4 Bd3 32. b4 Qa7 33. f5 Bxf1 34. Qxf1 Bc3 35. Bh6+ Kxh6 36. Qc1+ Qe3 37. Qxe3+ Rxe3 38. g4 Rd8 39. Bxc4 Rd2 40. Bf1 Re1 0-1

[Event "Kampala Sagewood Cup"]
[Site "Kampala"]
[Date "2024.05.16"]
[Round "1"]
[White "Benjamin, Daniel Mwesigwa Ser"]
[Black "Katumba, Joshua"]
[Result "0-1"]
[WhiteElo "1455"]
[BlackElo "1803"]
[PlyCount "47"]
[EventDate "2024.05.16"]
[EventType "swiss"]
[EventRounds "8"]
[EventCountry "UGA"]
[SourceTitle "CBM 220 Extra"]
[Source "ChessBase"]
[SourceDate "2024.07.31"]
[SourceVersion "1"]
[SourceVersionDate "2024.07.31"]
[SourceQuality "1"]

1. e4 c5 2. Nf3 e6 3. Nc3 d6 4. Bc4 Nf6 5. d3 d5 6. exd5 exd5 7. Bb3 Be7 8. 0-0 0-0 9. Re1 Nc6 10. h3 a6 11. a3 h6 12. Bf4 b5 13. Ne5 Nxe5 14. Bxe5 c4 15. dxc4 dxc4 16. Ba2 Bf5 17. Qxd8 Rfxd8 18. b3 cxb3 19. Bxb3 Rac8 20. Rec1 Rc5 21. Re1 Kf8 22. Rad1 Bxc2 23. Bxc2 Rxd1 24. Rxd1 0-1

[Event "UGA-chT 2324"]
[Site "Kampala"]
[Date "2024.01.21"]
[Round "14.1"]
[White "Katumba, Joshua"]
[Black "Kikabi, Jeffrey"]
[Result "1-0"]
[WhiteElo "1711"]
[BlackElo "1606"]
[PlyCount "22"]
[EventDate "2023.07.16"]
[EventType "team-swiss"]
[EventRounds "14"]
[EventCountry "UGA"]
[SourceTitle "EXT 2025"]
[Source "ChessBase"]
[SourceDate "2024.10.14"]
[SourceVersion "1"]
[SourceVersionDate "2024.10.14"]
[SourceQuality "1"]
[WhiteTeam "Butikiro CC"]
[BlackTeam "Makindye CC"]
[WhiteTeamCountry "UGA"]
[BlackTeamCountry "UGA"]

1. e4 e6 2. d4 d5 3. exd5 exd5 4. c4 c6 5. Nc3 Nf6 6. Nf3 Bb4 7. a3 Bxc3+ 8. bxc3 Ne4 9. Qc2 0-0 10. Bd3 f5 11. Rb1 b5 1-0

[Event "UGA-chT 2122"]
[Site "Kampala"]
[Date "2021.11.21"]
[Round "5.2"]
[White "Katumba, Joshua"]
[Black "Mugwanya, Wilson"]
[Result "1-0"]
[WhiteElo "1767"]
[BlackElo "1794"]
[PlyCount "55"]
[EventDate "2021.10.24"]
[EventType "team-swiss"]
[EventRounds "14"]
[EventCountry "UGA"]
[SourceTitle "EXT 2023"]
[Source "ChessBase"]
[SourceDate "2022.10.05"]
[SourceVersion "1"]
[SourceVersionDate "2022.10.05"]
[SourceQuality "1"]
[WhiteTeam "Mengo CC"]
[BlackTeam "SOM Katwe"]
[WhiteTeamCountry "UGA"]
[BlackTeamCountry "UGA"]

1. e4 e6 2. Nf3 d5 3. exd5 exd5 4. d4 h6 5. c4 Be6 6. Nc3 Nf6 7. c5 c6 8. Bd3 Be7 9. 0-0 0-0 10. Re1 Nbd7 11. Bc2 Bg4 12. Qd3 Bxf3 13. Qxf3 Re8 14. Ne2 Qc8 15. Ng3 Nf8 16. Nf5 Bxc5 17. Bxh6 gxh6 18. Nxh6+ Kg7 19. Nf5+ Kh8 20. dxc5 N6h7 21. Nd6 Rxe1+ 22. Rxe1 Qd7 23. Bxh7 Nxh7 24. Nxf7+ Kg7 25. Ne5 Qe7 26. Qg4+ Qg5 27. Qd7+ Kf6 28. Re3 1-0

[Event "UGA-chT 2122"]
[Site "Kampala"]
[Date "2021.11.14"]
[Round "4.2"]
[White "Sanya, Derrick Mbabazi"]
[Black "Katumba, Joshua"]
[Result "1/2-1/2"]
[WhiteElo "1851"]
[BlackElo "1767"]
[PlyCount "74"]
[EventDate "2021.10.24"]
[EventType "team-swiss"]
[EventRounds "14"]
[EventCountry "UGA"]
[SourceTitle "EXT 2023"]
[Source "ChessBase"]
[SourceDate "2022.10.05"]
[SourceVersion "1"]
[SourceVersionDate "2022.10.05"]
[SourceQuality "1"]
[WhiteTeam "Bulemeezi Diatoms CC"]
[BlackTeam "Mengo CC"]
[WhiteTeamCountry "UGA"]
[BlackTeamCountry "UGA"]

1. d4 d5 2. c4 c6 3. Nf3 Nf6 4. Nc3 e6 5. e3 Nbd7 6. cxd5 exd5 7. Bd3 Bd6 8. h3 Qe7 9. 0-0 0-0 10. Qc2 Re8 11. Re1 Ne4 12. Nh2 Qh4 13. Nf3 Qe7 14. Nh2 Nf8 15. Nf3 Ng6 16. Bf1 Bf5 17. Qd1 Rad8 18. Nd2 Nxf2 19. Kxf2 Qh4+ 20. Kg1 Qg3 21. Nf3 Nh4 22. Nxh4 Qh2+ 23. Kf2 Bg3+ 24. Ke2 Bxh4 25. Kd2 Qg3 26. b3 Re6 27. Ba3 Rde8 28. Qf3 Qxf3 29. gxf3 Bxe1+ 30. Rxe1 Rh6 31. e4 Bxh3 32. exd5 Rxe1 33. Kxe1 Bxf1 34. Kxf1 cxd5 35. Nxd5 Ra6 36. Bc5 Rxa2 37. Ne7+ Kh8 1/2-1/2

[Event "Kampala m10"]
[Site "Kampala"]
[Date "2021.10.19"]
[Round "3"]
[White "Isiko, Patrick Simon"]
[Black "Katumba, Joshua"]
[Result "1-0"]
[WhiteElo "1817"]
[BlackElo "1826"]
[PlyCount "41"]
[EventDate "2021.10.19"]
[EventType "match (rapid)"]
[EventRounds "8"]
[EventCountry "UGA"]
[SourceTitle "EXT 2023"]
[Source "ChessBase"]
[SourceDate "2022.10.05"]
[SourceVersion "1"]
[SourceVersionDate "2022.10.05"]
[SourceQuality "1"]

1. e4 d6 2. d4 Nf6 3. Nc3 g6 4. f3 Bg7 5. Be3 c6 6. Qd2 Qa5 7. Bh6 Bxh6 8. Qxh6 b5 9. Qd2 Nbd7 10. Bd3 Nb6 11. Nge2 Be6 12. d5 cxd5 13. Bxb5+ Bd7 14. Bxd7+ Nbxd7 15. exd5 Ne5 16. b3 Rc8 17. 0-0 0-0 18. Rad1 Rc5 19. Ne4 Nxe4 20. Qxa5 Rxa5 21. fxe4 1-0

[Event "Kampala m10"]
[Site "Kampala"]
[Date "2021.10.19"]
[Round "7"]
[White "Isiko, Patrick Simon"]
[Black "Katumba, Joshua"]
[Result "1/2-1/2"]
[WhiteElo "1817"]
[BlackElo "1826"]
[PlyCount "40"]
[EventDate "2021.10.19"]
[EventType "match (rapid)"]
[EventRounds "8"]
[EventCountry "UGA"]
[SourceTitle "EXT 2023"]
[Source "ChessBase"]
[SourceDate "2022.10.05"]
[SourceVersion "1"]
[SourceVersionDate "2022.10.05"]
[SourceQuality "1"]

1. e4 c5 2. Nf3 d6 3. d4 cxd4 4. Nxd4 Nf6 5. f3 a6 6. c4 Qc7 7. Nc3 e6 8. Be2 Bd7 9. Be3 Be7 10. Rc1 Nc6 11. 0-0 Nxd4 12. Bxd4 Bc6 13. b4 b6 14. Qb3 0-0 15. b5 Bb7 16. bxa6 Bxa6 17. Qxb6 Qd7 18. Nb5 Rfb8 19. Qc7 Bxb5 20. cxb5 Qe8 1/2-1/2

[Event "UGA-chT"]
[Site "Kampala"]
[Date "2018.07.05"]
[Round "7.1"]
[White "Katumba, Joshua"]
[Black "Kaamu, Joseph"]
[Result "1-0"]
[WhiteElo "1791"]
[BlackElo "1770"]
[PlyCount "81"]
[EventDate "2018.05.24"]
[EventType "team-swiss"]
[EventRounds "14"]
[EventCountry "UGA"]
[SourceTitle "CBM 187 Extra"]
[Source "ChessBase"]
[SourceDate "2018.11.04"]
[SourceVersion "1"]
[SourceVersionDate "2018.11.04"]
[SourceQuality "1"]
[WhiteTeam "Chess Warriors"]
[BlackTeam "Mengo CC"]
[WhiteTeamCountry "UGA"]
[BlackTeamCountry "UGA"]

1. e4 e6 2. d4 d5 3. exd5 exd5 4. c4 Nf6 5. Nc3 Bb4 6. Bd3 dxc4 7. Bxc4 0-0 8. Nge2 Bf5 9. 0-0 h6 10. a3 Ba5 11. Ng3 Bg6 12. h3 Nbd7 13. b4 Bb6 14. Na4 a5 15. Be3 c6 16. Nxb6 Nxb6 17. Bd3 Bxd3 18. Qxd3 Nbd5 19. b5 Qd7 20. bxc6 bxc6 21. Rac1 Rfb8 22. Rc5 a4 23. Rb1 Qe6 24. Bd2 Nd7 25. Rcc1 N5f6 26. Bb4 Qd5 27. Nf5 Qe4 28. Qxe4 Nxe4 29. Rxc6 Ndf6 30. f3 Ng5 31. Nxh6+ Kh7 32. Ng4 Nd5 33. Rc4 f6 34. Kf2 Kg6 35. Ne3 Nf4 36. h4 Nf7 37. g3 Ne6 38. f4 Nd6 39. Rcc1 Ne4+ 40. Kf3 f5 41. Nxf5 1-0